| 000 | 00442nam a2200169Ia 4500 | ||
|---|---|---|---|
| 005 | 20240703015557.0 | ||
| 008 | 240331s9999 xx 000 0 und d | ||
| 020 | _a0415151384 | ||
| 082 |
_a150 _bCHA |
||
| 100 | _aHenriques, J | ||
| 245 | 0 |
_aChanging the subject : _bpsychology, social regulation and subjectivity |
|
| 260 |
_aNew York _bRoutledge _c1998 |
||
| 300 | _axix, 352 p ., | ||
| 650 | _aPsychology | ||
| 650 | _aSocial | ||
| 942 | _cL | ||
| 999 |
_c737 _d737 |
||